LEADER 01190cam0-2200397---450 001 990000061430203316 005 20200512080457.0 010 $a88-420-2332-9 035 $a0006143 035 $aUSA010006143 035 $a(ALEPH)000006143USA01 035 $a0006143 100 $a20000914d1998----km-y0itay50------ba 101 0 $aita 102 $aIT 105 $aa---||||001yy 200 1 $aPop art$fAlberto Boatto 205 $aNuova ed aggiornata e accresciuta di un'appendice di saggi 210 $aRoma$cLaterza$d1998 215 $aXI, 272 p.$cill.$d24 cm 225 2 $aGrandi opere 410 0$12001$aGrandi opere 606 0 $aPop art 676 $a709.04071 700 1$aBOATTO,$bAlberto$0212857 801 0$aIT$bSalbc$gISBD 912 $a990000061430203316 951 $aXII.2.C. 1075(VII D Coll. 27/71)$b152261 L.M.$cXII.2.C.$d00000680 951 $aXII.2.C. 1075a(VII D Coll. 27/71 A)$b152263 L.M.$cXII.2.C.$d00000678 951 $aXII.2.C. 1075b(VII D Coll. 27/71 BIS)$b152262 L.M.$cXII.2.C.$d00000679 951 $aXVII A. 2434$b5167 DLAS$cXVII A.$d391396 959 $aBK 969 $aCAS 969 $aUMA 996 $aPop art$9608749 997 $aUNISA LEADER 01006nam a2200253 i 4500 001 991000934549707536 005 20020502181306.0 008 930420s1991 it ||| | ita 020 $a8870615405 035 $ab11439385-39ule_inst 035 $aPRUMB51770$9ExL 040 $aDip. di SSSC - Sociologia$bita 100 1 $aPiccardi, Carlo$023086 245 10$aAtti del Convegno Internazionale :$bPaul Hindemith nella cultura tedesca degli anni venti :$bMilano, Teatro alla Scala, 25-27 maggio 1987 /$ca cura di Carlo Piccardi 260 $aMilano :$bUNICOPLI,$c[1991] 300 $a379 p. ;$c21 cm. 490 0 $aQuaderni di M/R ;$v25 650 4$aFilosofia$xConvegni 907 $a.b11439385$b01-03-17$c01-07-02 912 $a991000934549707536 945 $aLE021 NBBISA9$g1$i2021000216749$iLE021N-10092$lle021$o-$pE0.00$q-$rl$s- $t0$u1$v0$w1$x0$y.i11624346$z01-07-02 996 $aAtti del Convegno Internazionale$9819662 997 $aUNISALENTO 998 $ale021$b01-01-93$cm$da $e-$fita$git $h0$i1